| 000 | 00652cam a22002293a 4500 | ||
|---|---|---|---|
| 001 | 4029 | ||
| 003 | PGUSA | ||
| 005 | 20140828083042.0 | ||
| 008 | 030501s2003||||xxu|||||s|||||000 | eng d | ||
| 040 |
_aPGUSA _beng |
||
| 042 | _adc | ||
| 050 | 4 | _aPZ | |
| 100 | 1 |
_aFollen, Eliza Lee Cabot, _d1787-1860 |
|
| 245 | 1 | 0 |
_aTrue Stories about Dogs and Cats _h[electronic resource] / _cEliza Lee Cabot Follen |
| 260 |
_bProject Gutenberg, _c2003 |
||
| 506 | _aPublic domain in the USA. | ||
| 516 | _aElectronic text | ||
| 653 | _aAnimals -- Folklore | ||
| 830 | 0 |
_aProject Gutenberg _v4029 |
|
| 856 | 4 | 0 | _uhttp://www.gutenberg.org/ebooks/4029 |
| 942 | _cEB | ||
| 999 |
_c233358 _d233358 |
||